000 01191nam a22003497a 4500
003 CHAP
005 20220329135805.0
008 971013s1966 r 00010 d
010 _a42204
011 _a43176
035 _a47312
040 _cCHAP
082 _a312.0972
_bM43
110 _aMéxico. Dirección General de Estadística
_976986
245 _aProyecciones demográficas de la República Mexicana
260 _aMéxico, D.F. :
_bLa Dirección,
_c1966-68
300 _a2 v
505 _aContenido: v.1.- v.2 población
590 _aBATCH-UPD
_b10
_c20130110
_lUCH01
_h1649
590 _aBATCH-UPD
_b10
_c20130410
_lUCH01
_h1039
590 _aBATCH-UPD
_b10
_c20130914
_lUCH01
_h1141
590 _aCONVERSION
_b10
_c20130109
_lUCH01
_h1323
650 1 4 _aDemografía.
_931742
650 1 4 _aPoblación.
_989360
650 1 4 _aPoblación
_xMéxico.
_989408
700 0 _aChavira Olivos, Miguel.
_922069
901 _aBK
942 _cLIBRO
949 _a312.0972 M43
_bBC
_cC
_d33724000466272
_eC
_fv.2 c.2
_h11645
_i47312
_mD
_si
949 _a312.0972 M43
_bBC
_cC
_d33724000481453
_eC
_fv.1
_h4401
_i47312
_mD
_si
949 _a312.0972 M43
_bBC
_cC
_d33724000481669
_eC
_fv.2
_h11644
_i47312
_mD
_si
999 _c42204
_d42204